000 00323nam a22001457a 4500
008 230524b ||||| |||| 00| 0 eng d
020 _a9782298005813
041 _aFRA
080 _a82
082 _a82MAR
100 _a38
101 _aGJL
245 _aCHARTRES ET L'ENIGME DES DRUIDES
_cMARKALE .J
942 _2udc
_cBK
999 _c59810
_d59810